| 000 | 00600nam a2200181 i 4500 | ||
|---|---|---|---|
| 001 | 30029 | ||
| 003 | ES-MaACL | ||
| 005 | 20230906154128.0 | ||
| 007 | t| | ||
| 008 | 030123s1880 it ||||1| ita d | ||
| 100 | 1 |
_aBarone di Vincenzo, Giuseppe. _925786 |
|
| 245 | 1 | 0 |
_aEpimenide di Creta e le credenze religiosa de'suoi tempi _b: studio storico-critico-filologico / _cdi Giuseppe Barone. |
| 260 |
_aNapoli : _b[s.n.], _c1880 ( _fTip. di G. de Angelis e figlio) |
||
| 300 |
_a201 p. ; _c24 cm. |
||
| 600 | 0 | 4 |
_aEpiménides. _9149410 |
| 852 |
_aES-MaACL _jT-1437-F-3 |
||
| 852 |
_aES-MaACL _jT-356-F-3 |
||
| 999 |
_c30029 _d30029 |
||